000 01134nam a2200265 a 4500
999 _c12172
_d12172
001 12172
003 BD-JhCC
005 20211025134021.0
008 210301s20162019bg a|||| ||a| 000 0 mul d
020 _a9789849216407
035 _a(BD-JhCC)12172
040 _aBD-JhCC
_dBD-JhCC
041 _aben
082 _a005.133
_bSUB 2019
100 _aসুবিন, তামিম শাহ্‌রিয়ার
245 _a৫২ টি প্রোগ্রামিং সমস্যা ও সমাধান /
_c তামিম শাহ্‌রিয়ার সুবিন, তাহমিদ রাফি এবং তামান্না নিশাত রিনি
260 _aঢাকা:
_bদ্বিমিক প্রকাশনী;
_c২০১৯.
300 _a১৫০ পৃ. :
_bচিত্রাবলী ;
_c২৪ সেমি.
650 _aComputer programming
650 _aProgramming languages (Electronic computers)
700 _aরাফি, তাহমিদ
700 _aরিনি, তামান্না নিশাত
942 _2ddc
_cBK
_01